[Event "Olexuv memorial 2015"]
[Site "?"]
[Date "2015.12.27"]
[Round "3.3"]
[White "Pokora, Lubomir"]
[Black "Straka, Vojtech"]
[Result "0-1"]
[WhiteElo "1875"]
[BlackElo "1782"]
[PlyCount "66"]
[EventDate "2015.??.??"]
[SourceDate "2015.12.28"]

1. e4 e5 2. Nf3 Nc6 3. d4 exd4 4. Nxd4 d6 5. Nxc6 bxc6 6. Bd3 Nf6 7. O-O Be7 8.
b3 Nd7 9. c3 Nc5 10. Bc2 O-O 11. Bb2 Bf6 12. f4 Re8 13. Nd2 Ba6 14. Rf3 Qb8 15.
Rb1 Qb6 16. Kh1 Nd7 17. Qe1 Rad8 18. g4 g5 19. Qg3 Re6 20. f5 Re7 21. Qg2 d5
22. Rh3 d4 23. c4 c5 24. Rh6 Bb7 25. Kg1 d3 26. Rxf6 Nxf6 27. Bd1 Nxe4 28. Nxe4
Rxe4 29. Bf3 Re2 30. Qf1 Bxf3 31. Qxf3 Qa5 32. Qf1 Qxa2 33. Qc1 Qxb1 0-1

[Event "Olexuv memorial 2015"]
[Site "?"]
[Date "2015.12.27"]
[Round "3.4"]
[White "Doskar, Miloslav"]
[Black "Hala, Pavel"]
[Result "1/2-1/2"]
[WhiteElo "1705"]
[BlackElo "1730"]
[PlyCount "46"]
[EventDate "2015.??.??"]
[SourceDate "2015.12.28"]

1. Nf3 d6 2. d4 e6 3. g3 b6 4. Bg2 Bb7 5. O-O h6 6. c4 Nd7 7. Nc3 Ngf6 8. Qc2
Be7 9. b3 a6 10. Bb2 O-O 11. Rad1 Qe8 12. Rfe1 Rc8 13. e4 c6 14. e5 Nh7 15.
exd6 Bxd6 16. Ne4 Be7 17. c5 b5 18. b4 Qd8 19. a3 Ndf6 20. Ne5 Nd5 21. Nd2 Nhf6
22. Nf1 Qc7 23. Ne3 Qd8 1/2-1/2

[Event "Olexuv memorial 2015"]
[Site "?"]
[Date "2015.12.27"]
[Round "3.5"]
[White "Zikan, Karel"]
[Black "Fiala, Vaclav"]
[Result "0-1"]
[WhiteElo "1710"]
[BlackElo "2274"]
[PlyCount "134"]
[EventDate "2015.??.??"]
[SourceDate "2015.12.28"]

1. Nf3 c5 2. c4 Nc6 3. Nc3 g6 4. g3 Bg7 5. Bg2 d6 6. O-O Bg4 7. b3 Qd7 8. Bb2
Bh3 9. Qc2 Bxg2 10. Kxg2 h5 11. Nd5 Nd4 12. Nxd4 cxd4 13. e3 e6 14. Nb4 a5 15.
Nd3 Qc6+ 16. f3 Qb6 17. Bxd4 Bxd4 18. exd4 Qxd4 19. Qc3 Qxc3 20. dxc3 Nf6 21.
Rad1 O-O-O 22. Rfe1 Rd7 23. Kf2 g5 24. Kg2 Rdd8 25. Nf2 Kc7 26. Ne4 Nxe4 27.
Rxe4 Ra8 28. Red4 Rhd8 29. a3 b6 30. Kf2 Kc6 31. h4 f6 32. hxg5 fxg5 33. Rh1
Rh8 34. f4 gxf4 35. Rxf4 Raf8 36. Ke3 Rfg8 37. Kf3 Rg5 38. Rf6 Rhg8 39. Rh3 Re5
40. Rh6 Rf8+ 41. Kg2 Rff5 42. b4 Re2+ 43. Kg1 Re3 44. b5+ Kc5 45. Kg2 Kxc4 46.
R3xh5 Rxh5 47. Rxh5 Rxc3 48. g4 Kb3 49. Rh3 d5 50. Rxc3+ Kxc3 51. g5 d4 52. g6
d3 53. g7 d2 54. g8=Q d1=Q 55. Qxe6 Qd2+ 56. Kf3 Qd3+ 57. Kf2 Qd4+ 58. Kf3 Kb2
59. a4 Ka3 60. Qc6 Kxa4 61. Ke2 Kb4 62. Qe8 a4 63. Qe7+ Kxb5 64. Qa3 Qc4+ 65.
Kd1 Qb3+ 66. Qxb3+ axb3 67. Kc1 Kb4 0-1

[Event "Olexuv memorial 2015"]
[Site "?"]
[Date "2015.12.27"]
[Round "3.6"]
[White "Borovicka, Bohumil"]
[Black "Fryda, Dominik"]
[Result "1-0"]
[WhiteElo "2019"]
[BlackElo "1677"]
[PlyCount "55"]
[EventDate "2015.??.??"]
[SourceDate "2015.12.28"]

1. d4 e6 2. Nc3 d5 3. Nf3 Nf6 4. Bg5 Be7 5. Bxf6 gxf6 6. e4 dxe4 7. Nxe4 b6 8.
Bb5+ c6 9. Bc4 Bb7 10. Qe2 Qc7 11. g3 Nd7 12. O-O-O O-O-O 13. Rhe1 Rhg8 14. h4
h6 15. Nc3 Rg7 16. Qd2 Rh8 17. Bb3 Bd6 18. Ne4 Be7 19. c4 Rg6 20. Nc3 Bb4 21.
a3 Bxc3 22. Qxc3 c5 23. d5 e5 24. Bc2 Rgg8 25. Bf5 Rd8 26. Nd2 Kb8 27. Ne4 Ba6
28. b3 1-0

[Event "Olexuv memorial 2015"]
[Site "?"]
[Date "2015.12.27"]
[Round "3.7"]
[White "Micka, Norbert"]
[Black "Machac, Petr"]
[Result "1-0"]
[WhiteElo "1816"]
[BlackElo "1289"]
[PlyCount "41"]
[EventDate "2015.??.??"]
[SourceDate "2015.12.28"]

1. Nf3 d5 2. d4 g6 3. c4 e6 4. g3 Bg7 5. Bg2 Nf6 6. O-O O-O 7. Nbd2 b6 8. b3 c5
9. Bb2 Nc6 10. dxc5 bxc5 11. cxd5 exd5 12. Qc2 Qd6 13. Rfc1 Nd7 14. Bxg7 Kxg7
15. Qb2+ Kg8 16. Rd1 Qe7 17. Nf1 Ba6 18. Rxd5 Bxe2 19. Re1 Bxf1 20. Rxe7 Nxe7
21. Rxd7 1-0

[Event "Olexuv memorial 2015"]
[Site "?"]
[Date "2015.12.27"]
[Round "3.8"]
[White "Veznik, Michael"]
[Black "Hladky, Tadeas"]
[Result "1-0"]
[WhiteElo "1773"]
[BlackElo "1000"]
[PlyCount "101"]
[EventDate "2015.??.??"]
[SourceDate "2015.12.28"]

1. b3 e5 2. Bb2 Nc6 3. c4 Bc5 4. e3 Nf6 5. d3 d5 6. cxd5 Nxd5 7. Nf3 Bb4+ 8.
Nbd2 Qd6 9. h3 Be6 10. Be2 O-O-O 11. O-O Bc3 12. Qc1 Bxb2 13. Qxb2 f6 14. Ne4
Qd7 15. Nc5 Qd6 16. Nxe6 Qxe6 17. a3 Rhe8 18. b4 a6 19. Rac1 e4 20. Ng5 fxg5
21. Bg4 Qxg4 22. hxg4 exd3 23. Rfd1 Nf6 24. b5 axb5 25. Qxb5 Rd5 26. Rc5 Ree5
27. Rxd5 Rxd5 28. Qb2 Ne5 29. f3 c6 30. Qc3 h6 31. a4 Nfd7 32. f4 gxf4 33. exf4
Rc5 34. Qb3 Nxg4 35. Qg8+ Kc7 36. Qxg7 Ne3 37. Rxd3 Rc1+ 38. Kh2 Nd5 39. Qxh6
Nc5 40. Rf3 Re1 41. f5 Re7 42. f6 Rf7 43. g4 Ne4 44. g5 Kd7 45. Qg6 Ke8 46.
Qxe4+ Kf8 47. Qe6 Nc7 48. Qc8+ Ne8 49. g6 Rxf6 50. Rxf6+ Kg7 51. Rf7+ 1-0

[Event "Olexuv memorial 2015"]
[Site "?"]
[Date "2015.12.27"]
[Round "3.9"]
[White "Vavrousek, Petr"]
[Black "Tancerova, Marie"]
[Result "1-0"]
[WhiteElo "1739"]
[BlackElo "1350"]
[PlyCount "61"]
[EventDate "2015.??.??"]
[SourceDate "2015.12.28"]

1. e4 e5 2. Nf3 Nc6 3. Bb5 Nf6 4. O-O Bc5 5. c3 O-O 6. Bxc6 bxc6 7. Nxe5 d6 8.
Nxc6 Qd7 9. Nd4 Nxe4 10. d3 Nf6 11. Nf3 Bb7 12. d4 Bb6 13. Bg5 Qd8 14. Nbd2 h6
15. Bh4 d5 16. Ne5 c5 17. dxc5 Bxc5 18. Bxf6 gxf6 19. Nd3 Bb6 20. Qh5 Kh7 21.
Nf3 Rg8 22. Nd4 Rg5 23. Qxf7+ Rg7 24. Qxg7+ Kxg7 25. Ne6+ Kh7 26. Nxd8 Rxd8 27.
Rfd1 Rg8 28. Nf4 Rg5 29. Re1 Bd8 30. Ne6 Rg8 31. Nxd8 1-0

[Event "Olexuv memorial 2015"]
[Site "?"]
[Date "2015.12.27"]
[Round "3.10"]
[White "Divis, Jan"]
[Black "Krejci, Petr"]
[Result "1/2-1/2"]
[WhiteElo "1632"]
[BlackElo "1972"]
[PlyCount "34"]
[EventDate "2015.??.??"]
[SourceDate "2015.12.28"]

1. d4 d5 2. Bf4 Nf6 3. e3 Nbd7 4. Nd2 c5 5. c3 e6 6. Be2 g6 7. h4 h5 8. Ngf3 a6
9. Ne5 Be7 10. Bg5 cxd4 11. exd4 Nxe5 12. dxe5 Nd7 13. Bxe7 Qxe7 14. f4 b5 15.
Nf3 Bb7 16. Qd4 Nc5 17. O-O Rc8 1/2-1/2

[Event "Olexuv memorial 2015"]
[Site "?"]
[Date "2015.12.27"]
[Round "3.11"]
[White "Spodny, Josef"]
[Black "Glacner, Karel"]
[Result "1/2-1/2"]
[WhiteElo "1926"]
[BlackElo "1577"]
[PlyCount "34"]
[EventDate "2015.??.??"]
[SourceDate "2015.12.28"]

1. e4 e5 2. Nf3 f5 3. exf5 e4 4. Qe2 d5 5. d3 Bxf5 6. dxe4 dxe4 7. Qb5+ Bd7 8.
Qe5+ Qe7 9. Bg5 Nf6 10. Qxe7+ Bxe7 11. Ne5 O-O 12. Bc4+ Kh8 13. O-O Be8 14. Bb3
Nc6 15. Nxc6 Bxc6 16. Nc3 Bc5 17. h3 h6 1/2-1/2

[Event "Olexuv memorial 2015"]
[Site "?"]
[Date "2015.12.27"]
[Round "3.12"]
[White "Schoebel , Thomas"]
[Black "Brda, Vlastimil"]
[Result "0-1"]
[WhiteElo "1435"]
[BlackElo "1244"]
[PlyCount "84"]
[EventDate "2015.??.??"]
[SourceDate "2015.12.28"]

1. d4 d5 2. Nc3 e6 3. Nf3 c6 4. e4 Bb4 5. Bd2 Bxc3 6. Bxc3 dxe4 7. Ne5 Nf6 8.
Qe2 Nbd7 9. Nc4 Qe7 10. Nd2 b5 11. Nxe4 Nd5 12. a3 a5 13. Bd2 b4 14. axb4 Ba6
15. Qxa6 Rxa6 16. Bxa6 axb4 17. Bb7 O-O 18. Ra7 N7b6 19. O-O Rb8 20. Nc5 Nc4
21. c3 Nxd2 22. Rfa1 h6 23. Bxc6 Qg5 24. Ra8 Rxa8 25. Rxa8+ Kh7 26. Nd7 Kg6 27.
Nf8+ Kh5 28. Ra1 bxc3 29. bxc3 Nxc3 30. Re1 Nde4 31. Bxe4 Nxe4 32. Rf1 Qd2 33.
f3 Qxd4+ 34. Kh1 Nf2+ 35. Kg1 Ne4+ 36. Kh1 Nd2 37. Rd1 Qf2 38. Rg1 Nf1 39. Nd7
Ne3 40. Ne5 f5 41. Nd3 Qa2 42. Nf4+ Kg5 0-1

[Event "Olexuv memorial 2015"]
[Site "?"]
[Date "2015.12.27"]
[Round "3.13"]
[White "Koci, Milos"]
[Black "Hotar, Petr"]
[Result "0-1"]
[WhiteElo "1285"]
[BlackElo "1574"]
[PlyCount "104"]
[EventDate "2015.??.??"]
[SourceDate "2015.12.28"]

1. d4 d5 2. c4 Nf6 3. e3 Bf5 4. Nc3 e6 5. Nf3 Nbd7 6. cxd5 exd5 7. Qb3 Nb6 8.
Be2 c6 9. O-O Qc7 10. h3 Bd6 11. Qd1 h6 12. Bd3 Be6 13. Re1 g5 14. Qc2 g4 15.
hxg4 Nxg4 16. Bf5 Rg8 17. Bxe6 fxe6 18. g3 O-O-O 19. Kg2 Rdf8 20. Ne2 Qf7 21.
Nf4 Nd7 22. Rh1 e5 23. dxe5 Ndxe5 24. Nxe5 Bxe5 25. Bd2 Kb8 26. Raf1 Bxf4 27.
exf4 h5 28. Rh4 Nh6 29. Rfh1 Rg5 30. Bb4 Nf5 31. fxg5 Nxh4+ 32. gxh4 Qf3+ 33.
Kg1 Qg4+ 34. Kf1 Qxb4 35. a3 Qb5+ 36. Kg2 d4 37. g6 Qd5+ 38. Kg1 Re8 39. Qd2 c5
40. Rh3 Qe4 41. Rg3 Qb1+ 42. Kg2 Qe4+ 43. Kh2 Qxh4+ 44. Rh3 Qg4 45. Rg3 Qf5 46.
Rg5 Qf6 47. Rxc5 Qd6+ 48. Kg2 Qxc5 49. Qf4+ Qe5 50. Qf7 Qg5+ 51. Kf1 Re7 52.
Qg8+ Kc7 0-1

[Event "Olexuv memorial 2015"]
[Site "?"]
[Date "2015.12.27"]
[Round "4.2"]
[White "Straka, Vojtìch"]
[Black "Borovicka, Bohumil"]
[Result "1/2-1/2"]
[WhiteElo "1782"]
[BlackElo "2019"]
[PlyCount "23"]
[EventDate "2015.??.??"]
[SourceDate "2015.12.28"]

1. d4 d5 2. c4 c5 3. e3 cxd4 4. Qxd4 Nf6 5. cxd5 Qxd5 6. Qxd5 Nxd5 7. Bd2 Nc6
8. Nc3 Nxc3 9. Bxc3 f6 10. Nf3 e5 11. Bc4 Bd6 12. a3 1/2-1/2

[Event "Olexuv memorial 2015"]
[Site "?"]
[Date "2015.12.27"]
[Round "4.5"]
[White "Snorek, Milan"]
[Black "Doskar, Miloslav"]
[Result "1-0"]
[WhiteElo "2048"]
[BlackElo "1705"]
[PlyCount "93"]
[EventDate "2015.??.??"]
[SourceDate "2015.12.28"]

1. d4 d5 2. Nf3 Nf6 3. c4 e6 4. cxd5 exd5 5. Bg5 Be7 6. Nc3 c6 7. Qc2 Nbd7 8.
e3 O-O 9. Bd3 h6 10. Bf4 Re8 11. O-O Nh5 12. Nxd5 Nxf4 13. Nxf4 Bd6 14. Nh5 Nf8
15. Ng3 Bxg3 16. hxg3 Ne6 17. Bh7+ Kh8 18. Bf5 Qf6 19. Rac1 Ng5 20. Bxc8 Nxf3+
21. gxf3 Raxc8 22. Kg2 Rcd8 23. Rh1 Rd5 24. Rh4 Red8 25. b4 R8d6 26. Rf4 Qe7
27. Rf5 Qd7 28. Rxd5 Rxd5 29. Qe4 Rh5 30. Qg4 Rd5 31. Qxd7 Rxd7 32. Rc5 Kg8 33.
a4 a6 34. a5 Kf8 35. f4 Ke7 36. g4 g6 37. Kf3 f6 38. f5 g5 39. Ke4 Kf7 40. d5
Rd6 41. dxc6 bxc6 42. Rc4 Ke7 43. Rd4 Kd7 44. Rxd6+ Kxd6 45. Kd4 Kd7 46. Kc5
Kc7 47. e4 1-0

[Event "Olexuv memorial 2015"]
[Site "?"]
[Date "2015.12.27"]
[Round "4.6"]
[White "Hala, Pavel"]
[Black "Micka, Norbert"]
[Result "0-1"]
[WhiteElo "1730"]
[BlackElo "1816"]
[PlyCount "62"]
[EventDate "2015.??.??"]
[SourceDate "2015.12.28"]

1. c4 Nf6 2. Nc3 c5 3. e4 Nc6 4. a3 g6 5. Nge2 Bg7 6. d3 O-O 7. Be3 d6 8. h3
Nd7 9. f3 Rb8 10. g4 a6 11. Rb1 b5 12. Bd2 Nde5 13. Nc1 Nd4 14. Be2 bxc4 15.
dxc4 Bd7 16. f4 Nec6 17. b3 e6 18. h4 Nxe2 19. Qxe2 Nd4 20. Qd1 Bc6 21. g5 d5
22. exd5 exd5 23. cxd5 Bxd5 24. Nxd5 Qxd5 25. Kf2 Rfe8 26. Rh3 Qf5 27. Rd3 Re6
28. Be3 Rbe8 29. Ne2 Nxe2 30. Qxe2 Rxe3 31. Rxe3 Bd4 0-1

[Event "Olexuv memorial 2015"]
[Site "?"]
[Date "2015.12.27"]
[Round "4.8"]
[White "Machac, Petr"]
[Black "Krejci, Petr"]
[Result "0-1"]
[WhiteElo "1289"]
[BlackElo "1972"]
[PlyCount "68"]
[EventDate "2015.??.??"]
[SourceDate "2015.12.28"]

1. d4 d5 2. Nf3 Nf6 3. c4 dxc4 4. Nc3 a6 5. e4 b5 6. Be2 Bb7 7. Qc2 e6 8. Bg5
Be7 9. O-O h6 10. Bh4 Nc6 11. Rad1 g5 12. Bg3 g4 13. Ne5 Nxd4 14. Qb1 h5 15.
Kh1 c5 16. f3 h4 17. Be1 g3 18. h3 Qc7 19. f4 Nxe2 20. Nxe2 Bxe4 21. Qc1 Qb7
22. Rg1 Nd5 23. Nc3 Bf5 24. Nxd5 exd5 25. Qe3 f6 26. Nf3 d4 27. Nxd4 cxd4 28.
Rxd4 Bxh3 29. Qe2 Bf5 30. Bb4 h3 31. Qxe7+ Qxe7 32. Bxe7 Kxe7 33. Re1+ Kf7 34.
Re3 Rag8 0-1

[Event "Olexuv memorial 2015"]
[Site "?"]
[Date "2015.12.27"]
[Round "4.9"]
[White "Brda, Vlastimil"]
[Black "Spodny, Josef"]
[Result "0-1"]
[WhiteElo "1333"]
[BlackElo "1922"]
[PlyCount "54"]
[EventDate "2015.??.??"]
[SourceDate "2015.12.28"]

1. e4 e5 2. Bc4 Nf6 3. d3 Nc6 4. c3 Be7 5. b4 O-O 6. Be3 d5 7. exd5 Nxd5 8.
Bxd5 Qxd5 9. Nf3 Bg4 10. h3 Bxf3 11. gxf3 a5 12. a4 axb4 13. c4 Qd7 14. Ke2 f5
15. f4 exf4 16. Bxf4 Qd4 17. Nd2 Qxf4 18. Nb3 Bh4 19. Qg1 Rfe8+ 20. Kf1 Nd4 21.
Nxd4 Qxd4 22. Rh2 Qxa1+ 23. Kg2 Re1 24. Qxe1 Qxe1 25. Kf3 Re8 26. Rg2 Re3+ 27.
fxe3 Qf1+ 0-1

[Event "Olexuv memorial 2015"]
[Site "?"]
[Date "2015.12.27"]
[Round "4.10"]
[White "Hotar, Petr"]
[Black "Zikan, Karel"]
[Result "1/2-1/2"]
[WhiteElo "1574"]
[BlackElo "1710"]
[PlyCount "90"]
[EventDate "2015.??.??"]
[SourceDate "2015.12.28"]

1. e4 c6 2. d4 d5 3. e5 Bf5 4. Bd3 Bxd3 5. Qxd3 e6 6. Ne2 Qc7 7. O-O c5 8. c3
cxd4 9. cxd4 Nc6 10. a3 Nge7 11. Ng3 h5 12. Nc3 a6 13. b4 Rc8 14. Bb2 h4 15.
Nge2 Nf5 16. Nd1 g6 17. Ne3 Nce7 18. Rac1 Qd7 19. Rxc8+ Qxc8 20. Rc1 Qd7 21.
Ng4 Bg7 22. Rc5 O-O 23. f4 Rc8 24. Kf2 b6 25. Rc2 Rxc2 26. Qxc2 Qc6 27. g3 Qc4
28. Qc3 b5 29. Ne3 hxg3+ 30. hxg3 Qxc3 31. Bxc3 Nc8 32. Nc1 Nxe3 33. Kxe3 Nb6
34. Nd3 Bf8 35. Ke2 Be7 36. Bb2 Kf8 37. Kd1 Ke8 38. Kc2 Kd7 39. Kb3 Nc4 40.
Nc5+ Bxc5 41. bxc5 Kc6 42. Bc1 Na5+ 43. Kb4 Nc4 44. a4 a5+ 45. Kb3 b4 1/2-1/2

[Event "Olexuv memorial 2015"]
[Site "?"]
[Date "2015.12.27"]
[Round "4.11"]
[White "Fryda, Dominik"]
[Black "Tancerova, Marie"]
[Result "1-0"]
[WhiteElo "1677"]
[BlackElo "1350"]
[PlyCount "77"]
[EventDate "2015.??.??"]
[SourceDate "2015.12.28"]

1. e4 d5 2. e5 Nc6 3. d4 e6 4. f4 Nge7 5. Bd3 Nxd4 6. Be3 Nef5 7. Bf2 b6 8. g4
Nh4 9. Bxd4 Ng2+ 10. Kd2 Nxf4 11. Bb5+ Bd7 12. Bxd7+ Qxd7 13. Qf3 Ng6 14. Nc3
Be7 15. Rf1 Bg5+ 16. Kd1 Rf8 17. Nh3 Bh4 18. g5 h6 19. gxh6 gxh6 20. Rhg1 Be7
21. Kc1 c5 22. Be3 Nxe5 23. Qh5 Bd6 24. Bxh6 Rh8 25. Qg5 Ng6 26. Rf3 Bxh2 27.
Rgf1 Rh7 28. Re1 Nf8 29. Bg7 Bd6 30. Nxd5 Be7 31. Nxe7 Qxe7 32. Bf6 Qb7 33. Rd3
Nd7 34. Qg8+ Nf8 35. Red1 Qc7 36. Ng5 Qf4+ 37. Kb1 Qxf6 38. Nxh7 Qe7 39. Nxf8
1-0

[Event "Olexuv memorial 2015"]
[Site "?"]
[Date "2015.12.27"]
[Round "4.12"]
[White "Glacner, Karel"]
[Black "Hladky, Jiri"]
[Result "0-1"]
[WhiteElo "1577"]
[BlackElo "1000"]
[PlyCount "74"]
[EventDate "2015.??.??"]
[SourceDate "2015.12.28"]

1. e4 e6 2. Bc4 d5 3. exd5 exd5 4. Qe2+ Be6 5. Bb3 Nf6 6. Nf3 c5 7. Ba4+ Nbd7
8. Ng5 Qb6 9. O-O O-O-O 10. Nxe6 fxe6 11. Re1 Re8 12. c4 d4 13. Bd1 Bd6 14. d3
Qc7 15. g3 Ne5 16. f4 Ng6 17. Qf3 Rhf8 18. Rf1 e5 19. Bc2 exf4 20. Bxf4 Nxf4
21. gxf4 Re3 22. Qg2 Qc6 23. Nd2 Qxg2+ 24. Kxg2 Nh5 25. Ne4 Nxf4+ 26. Kh1 Kc7
27. Nxd6 Kxd6 28. a4 g5 29. Ra3 Rfe8 30. Raa1 R8e6 31. Rg1 Rh6 32. Rae1 Reh3
33. Rxg5 Rxh2+ 34. Kg1 Rh1+ 35. Kf2 Nh3+ 36. Kg2 Rxe1 37. Rd5+ Kc6 0-1

[Event "Olexuv memorial 2015"]
[Site "?"]
[Date "2015.12.27"]
[Round "4.13"]
[White "Hladky, Tadeas"]
[Black "Kandalec, Stefan"]
[Result "0-1"]
[WhiteElo "1000"]
[BlackElo "1678"]
[PlyCount "60"]
[EventDate "2015.??.??"]
[SourceDate "2015.12.28"]

1. e4 e5 2. Nf3 Nc6 3. Bc4 Nf6 4. Nc3 d6 5. O-O Bg4 6. h3 Bh5 7. Bd5 Nd4 8.
Bxb7 Bxf3 9. gxf3 Rb8 10. Bd5 Qd7 11. Kh2 c6 12. Bb3 d5 13. exd5 cxd5 14. Re1
Bd6 15. Nxd5 Nxd5 16. Bxd5 O-O 17. b3 e4+ 18. Kg2 Nxf3 19. Rxe4 Ng5 20. Qg4 Qd8
21. Bb2 Kh8 22. Rae1 f5 23. Qh5 fxe4 24. Bxe4 Rb5 25. Qh6 Be5 26. Bxe5 Rxe5 27.
Qh4 Rxe4 28. Rxe4 Qd5 29. d3 Nxe4 30. dxe4 Qc6 0-1

[Event "Olexuv memorial 2015"]
[Site "?"]
[Date "2015.12.27"]
[Round "4.14"]
[White "Koci, Milols"]
[Black "Schoebel, Thomas"]
[Result "1/2-1/2"]
[WhiteElo "1130"]
[BlackElo "1435"]
[PlyCount "86"]
[EventDate "2015.??.??"]
[SourceDate "2015.12.28"]

1. d4 e6 2. c4 c5 3. Nf3 cxd4 4. Nxd4 b6 5. Nf3 Nc6 6. a3 Nf6 7. e3 Bb7 8. Be2
Qc7 9. Nbd2 Bd6 10. h3 Ne5 11. O-O Ne4 12. Nxe5 Bxe5 13. Bf3 Nxd2 14. Bxb7 Qxb7
15. Qxd2 O-O 16. Rb1 Rac8 17. b3 Rfd8 18. Bb2 d6 19. Bxe5 dxe5 20. Qb2 Qc7 21.
Rfd1 f6 22. Rd2 Rxd2 23. Qxd2 Rd8 24. Qc2 Qd6 25. a4 a5 26. Kf1 f5 27. Ke2 e4
28. Rd1 Qxd1+ 29. Qxd1 Rxd1 30. Kxd1 Kf7 31. Kd2 e5 32. Kc3 Ke6 33. c5 bxc5 34.
Kc4 Kd6 35. Kb5 h5 36. Kxa5 Kc6 37. Ka6 g5 38. Ka7 Kc7 39. a5 f4 40. Ka6 g4 41.
hxg4 hxg4 42. g3 Kc6 43. Ka7 Kc7 1/2-1/2

[Event "Olexuv memorial 2015"]
[Site "?"]
[Date "2015.12.27"]
[Round "4.4"]
[White "Effenberger, Adam"]
[Black "Licka, Vlastimil"]
[Result "1-0"]
[WhiteElo "1839"]
[BlackElo "1939"]
[PlyCount "105"]
[EventDate "2015.??.??"]
[SourceDate "2015.12.28"]

1. d4 Nf6 2. Nf3 g6 3. c4 c6 4. g3 Bg7 5. Bg2 O-O 6. O-O d5 7. Nbd2 Bf5 8. b3
Nbd7 9. Bb2 Ne4 10. Nh4 Nxd2 11. Qxd2 Be6 12. Rac1 Nb6 13. cxd5 cxd5 14. e3 Qd6
15. Qa5 Bf6 16. Nf3 Qd7 17. Rc5 Nc8 18. Rc7 b6 19. Rxd7 bxa5 20. Rc7 Nb6 21.
Ba3 Rfc8 22. Rfc1 a4 23. Kf1 Kf8 24. Ke1 Ke8 25. Ne5 Rxc7 26. Rxc7 Kd8 27. Rc1
Bxe5 28. dxe5 Rc8 29. Rxc8+ Nxc8 30. Bc5 axb3 31. axb3 Kc7 32. b4 Kc6 33. Kd2
a5 34. Kc3 axb4+ 35. Bxb4 Bf5 36. Kd4 e6 37. Bc5 Bc2 38. Bf3 Nb6 39. Bxb6 Kxb6
40. Be2 Ba4 41. Bd3 Bc6 42. h4 h6 43. f4 h5 44. Be2 Ba4 45. g4 hxg4 46. Bxg4
Bc2 47. h5 gxh5 48. Bxh5 Bg6 49. Bxg6 fxg6 50. e4 dxe4 51. Kxe4 Kc5 52. Kf3 Kd4
53. Kg4 1-0

[Event "Olexuv memorial 2015"]
[Site "?"]
[Date "2015.12.27"]
[Round "4.3"]
[White "Fiala, Vaclav"]
[Black "Veznik, Michael"]
[Result "1/2-1/2"]
[WhiteElo "2274"]
[BlackElo "1773"]
[PlyCount "125"]
[EventDate "2015.??.??"]
[SourceDate "2015.12.28"]

1. e4 g6 2. d4 Bg7 3. Nc3 d6 4. Be3 c6 5. Be2 Nd7 6. f4 e5 7. Nf3 Qc7 8. fxe5
dxe5 9. d5 Ngf6 10. dxc6 bxc6 11. Bc4 O-O 12. Nd2 Nb6 13. Bb3 Bg4 14. Qb1 c5
15. h3 Bd7 16. a4 c4 17. Bxb6 Qxb6 18. Nxc4 Qc5 19. Qd1 Qd4 20. Qe2 Bc6 21. Rd1
Qc5 22. Qf2 Qxf2+ 23. Kxf2 Nxe4+ 24. Nxe4 Bxe4 25. Rhe1 Bf5 26. Nxe5 Rac8 27.
Rd2 h5 28. c3 Bf6 29. Ree2 Rc7 30. g4 hxg4 31. hxg4 Bxe5 32. gxf5 Bf4 33. Rd4
g5 34. Kf3 Kg7 35. Rg2 Kf6 36. Bc2 Rh8 37. Kf2 Rb8 38. b3 Rxc3 39. Ke1 Rh8 40.
Rc4 Rh1+ 41. Kf2 Rhh3 42. Rxc3 Rxc3 43. Kf1 a5 44. Re2 g4 45. Rg2 Kg5 46. Re2
f6 47. Rf2 g3 48. Re2 Be5 49. Kg2 Bd4 50. Rd2 Be3 51. Re2 Kf4 52. Bd1 Rc1 53.
Re1 Bf2 54. Rh1 Ke3 55. Bh5 Rc2 56. Bf7 Kf4 57. Rh4+ Kg5 58. Rc4 Rxc4 59. bxc4
Kxf5 60. Bd5 Ke5 61. Bb7 f5 62. Bc6 f4 63. Bb7 1/2-1/2

[Event "Olexuv memorial 2015"]
[Site "?"]
[Date "2015.12.27"]
[Round "4.4"]
[White "Vavrousek, Petr"]
[Black "Cip, Dalibor"]
[Result "1/2-1/2"]
[WhiteElo "1739"]
[BlackElo "2164"]
[PlyCount "69"]
[EventDate "2015.??.??"]
[SourceDate "2015.12.28"]

1. e4 c5 2. Nf3 d6 3. d4 cxd4 4. Nxd4 Nf6 5. Nc3 a6 6. Bc4 e6 7. Bb3 Nbd7 8.
Be3 Nc5 9. f3 Be7 10. Qe2 O-O 11. Qf2 Qc7 12. O-O b5 13. Rfc1 Bd7 14. a3 Rfb8
15. Ba2 a5 16. Nb3 Na4 17. Nd1 d5 18. Nd2 Bc6 19. e5 Nd7 20. f4 f6 21. exf6
Bxf6 22. c3 Nab6 23. Nf3 Nc4 24. Nd4 Re8 25. Nxc6 Qxc6 26. Bd4 Nd6 27. Ne3 Ne4
28. Qc2 g6 29. Ng4 Bg7 30. Ne5 Nxe5 31. fxe5 Qc7 32. Qe2 Bxe5 33. Bxe5 Qxe5 34.
Qxb5 Rf8 35. Re1 1/2-1/2

[Event "Olexuv memorial 2015"]
[Site "?"]
[Date "2015.12.27"]
[Round "4.7"]
[White "Divis, Jan"]
[Black "Pokora, Lubomir"]
[Result "1/2-1/2"]
[WhiteElo "1632"]
[BlackElo "1875"]
[PlyCount "74"]
[EventDate "2015.??.??"]
[SourceDate "2015.12.28"]

1. d4 d6 2. Bf4 g6 3. c3 Bg7 4. Nd2 Nf6 5. e3 Nh5 6. Bg3 Nxg3 7. hxg3 Nd7 8.
Ngf3 c5 9. Be2 Qc7 10. Qb3 e6 11. Ng5 Nf6 12. dxc5 dxc5 13. Rd1 O-O 14. O-O Bd7
15. Nc4 h6 16. Nf3 Ne8 17. Rc1 b5 18. Ncd2 Nd6 19. Qc2 Bc6 20. Rfd1 Rad8 21.
Bd3 c4 22. Be4 Nxe4 23. Nxe4 e5 24. Rxd8 Rxd8 25. Ned2 Bb7 26. Ne1 Qd7 27. Nf1
h5 28. Nf3 Bf6 29. e4 Kg7 30. Re1 Qc6 31. Re2 Qc5 32. Rd2 Rxd2 33. N1xd2 a5 34.
b3 Bc6 35. bxc4 bxc4 36. Qb1 Qb5 37. Qxb5 Bxb5 1/2-1/2

[Event "Olexuv memorial 2015"]
[Site "?"]
[Date "2015.12.28"]
[Round "5.1"]
[White "Micka, Norbert"]
[Black "Effenberger, Adam"]
[Result "1-0"]
[WhiteElo "1816"]
[BlackElo "1839"]
[PlyCount "101"]
[EventDate "2015.??.??"]
[SourceDate "2015.12.28"]

1. Nf3 g6 2. e4 c5 3. c4 Bg7 4. d4 cxd4 5. Nxd4 Nc6 6. Be3 Qb6 7. Nb3 Qc7 8.
Nc3 Bxc3+ 9. bxc3 Nf6 10. f3 O-O 11. Be2 d6 12. O-O b6 13. Nd4 Na5 14. Nb5 Qc6
15. Nd4 Qc7 16. Nb5 Qc6 17. Rb1 Nxc4 18. Bxc4 Qxc4 19. a4 Ba6 20. Rb4 Qc6 21.
Qb3 Nd7 22. Nd4 Qc7 23. Nb5 Bxb5 24. axb5 Rfc8 25. Rc1 Nc5 26. Qd1 a5 27. bxa6
Rxa6 28. Rcb1 Rca8 29. Qd5 Na4 30. Rc4 Nc5 31. Rcb4 R8a7 32. h4 Ra1 33. h5 R7a3
34. Rxa1 Rxa1+ 35. Kh2 e6 36. Qg5 Ra8 37. Bd4 e5 38. Be3 Ne6 39. Qh6 Qxc3 40.
Rxb6 Qc7 41. hxg6 fxg6 42. Rb2 Qf7 43. Rd2 Rd8 44. Qh4 Rd7 45. Ra2 Nf4 46. Ra8+
Kg7 47. g3 Nh5 48. Qg5 Qxf3 49. Qh6+ Kf6 50. Bg5+ Ke6 51. Re8+ 1-0

[Event "Olexuv memorial 2015"]
[Site "?"]
[Date "2015.12.28"]
[Round "5.3"]
[White "Veznik, Michael"]
[Black "Snorek, Milan"]
[Result "1-0"]
[WhiteElo "1773"]
[BlackElo "2048"]
[PlyCount "77"]
[EventDate "2015.??.??"]

1. e4 c5 2. Nf3 e6 3. Nc3 a6 4. d4 cxd4 5. Nxd4 Qc7 6. Bd3 Nf6 7. f4 d6 8. Qe2
Nbd7 9. Nb3 Be7 10. a4 b6 11. O-O Bb7 12. Be3 h5 13. f5 e5 14. Rad1 Ng4 15. Bc1
Ngf6 16. Bc4 h4 17. Rf3 Nh5 18. Nd5 Bxd5 19. Bxd5 Ra7 20. Rc3 Qd8 21. Be3 Nf4
22. Bxf4 exf4 23. Nd4 Ne5 24. Nc6 Nxc6 25. Bxc6+ Kf8 26. e5 Rh6 27. f6 gxf6 28.
exd6 Bxd6 29. Rcd3 Bc5+ 30. Kh1 Qe7 31. Qg4 Rg6 32. Qxh4 Kg7 33. Rh3 Kf8 34.
Qh8+ Rg8 35. Qh6+ Rg7 36. Qxf4 Qe5 37. Rd8+ Ke7 38. Re8+ Kd6 39. Rxe5 1-0

[Event "Olexuv memorial 2015"]
[Site "?"]
[Date "2015.12.28"]
[Round "5.4"]
[White "Cip, Dalibor"]
[Black "Fiala, Vaclav"]
[Result "0-1"]
[WhiteElo "2164"]
[BlackElo "2274"]
[PlyCount "78"]
[SourceDate "2015.12.29"]

1. Nf3 Nf6 2. c4 e6 3. g3 d5 4. Bg2 Be7 5. O-O O-O 6. d4 dxc4 7. Qc2 b5 8. a4
bxa4 9. Qxa4 Bb7 10. Nc3 Nbd7 11. Qxc4 Nb6 12. Qb3 c5 13. Rd1 c4 14. Qc2 Bb4
15. Bg5 h6 16. Bxf6 Qxf6 17. Ne5 Bxg2 18. Kxg2 Rfc8 19. Ra6 Qe7 20. Rda1 Bxc3
21. bxc3 Qb7+ 22. Kg1 Rc7 23. R6a3 Nd7 24. Nxd7 Rxd7 25. Qa2 Rc7 26. Rb1 Qc8
27. Rb4 Rb8 28. Rba4 Rcb7 29. Qxc4 Rb1+ 30. Kg2 Qb7+ 31. d5 exd5 32. Qd4 Qb2
33. Rxa7 Qxe2 34. Ra8 Qf1+ 35. Kf3 Kh7 36. Rxb8 Rxb8 37. h4 Rc8 38. Qa7 Qh1+
39. Kg4 f5+ 0-1